Discursos leídos ante la Real Academia de Bellas Artes en la recepción pública del Sr. D. Joaquín Larregla y Urbieta el día 11 de noviembre de 1906 / (Record no. 89323)
[ view plain ]
| 000 -LEADER | |
|---|---|
| campo de control de longitud fija | 01071nam a2200265 i 4500 |
| 001 - NÚMERO DE CONTROL | |
| campo de control | 89323 |
| 003 - IDENTIFICADOR DE NÚMERO DE CONTROL | |
| campo de control | ES-MaACL |
| 005 - FECHA Y HORA DE LA ÚLTIMA TRANSACCIÓN | |
| campo de control | 20250823095835.0 |
| 007 - CAMPO FIJO DE DESCRIPCIÓN FÍSICA--INFORMACIÓN GENERAL | |
| campo de control de longitud fija | t| |
| 008 - DATOS DE LONGITUD FIJA--INFORMACIÓN GENERAL | |
| campo de control de longitud fija | 050110s1906 sp ||||1| spa d |
| 040 ## - FUENTE DE CATALOGACIÓN | |
| Centro/agencia transcriptor | ES-MaACL |
| 080 ## - NÚMERO DE LA CLASIFICACIÓN DECIMAL UNIVERSAL | |
| Número de la Clasificación Decimal Universal | 78:37.02 |
| 100 1# - ENTRADA PRINCIPAL--NOMBRE DE PERSONA | |
| Nombre de persona | Larregla, Joaquín, |
| Fechas asociadas al nombre | 1865-1945 |
| 9 (RLIN) | 70346 |
| Término indicativo de función/relación | Autor |
| 245 10 - MENCIÓN DEL TÍTULO | |
| Título | Discursos leídos ante la Real Academia de Bellas Artes en la recepción pública del Sr. D. Joaquín Larregla y Urbieta el día 11 de noviembre de 1906 /<br/> |
| Mención de responsabilidad, etc. | [contestación del Sr. D. Cecilio de Roda] |
| 260 ## - PUBLICACIÓN, DISTRIBUCIÓN, ETC. | |
| Lugar de publicación, distribución, etc. | Madrid : |
| Nombre del editor, distribuidor, etc. | [s.n.], |
| Fecha de publicación, distribución, etc. | 1906 ( |
| Fabricante | Imp. Alemana) |
| 300 ## - DESCRIPCIÓN FÍSICA | |
| Extensión | 38 p. ; |
| Dimensiones | 26 cm. |
| 520 ## - RESUMEN, ETC. | |
| Sumario, etc. | Tema: Influencia del pianista-compositor en la educación artístico-musical de los pueblos |
| 650 #4 - PUNTO DE ACCESO ADICIONAL DE MATERIA--TÉRMINO DE MATERIA | |
| Término de materia o nombre geográfico como elemento de entrada | Música- |
| Subdivisión general | Estudio y enseñanza |
| 9 (RLIN) | 15383 |
| 700 1# - ENTRADA AGREGADA--NOMBRE PERSONAL | |
| Nombre de persona | Roda, Cecilio de, |
| Fechas asociadas al nombre | 1865-1912 |
| Término indicativo de función/relación | Autor |
| 9 (RLIN) | 227158 |
| 710 2# - ENTRADA AGREGADA--NOMBRE DE ENTIDAD CORPORATIVA | |
| Nombre de entidad corporativa o nombre de jurisdicción como elemento de entrada | Real Academia de Bellas Artes de San Fernando. |
| 9 (RLIN) | 6291 |
| 852 ## - LOCALIZACIÓN | |
| Ubicación | ES-MaACL |
| Número de control de estantería | L-4913(21-8) |
| 942 ## - ELEMENTOS DE ENTRADA SECUNDARIOS (KOHA) | |
| Tipo de ítem Koha | Libro impreso |
| Suprimir en OPAC | No |
| Estatus retirado | Estado de pérdida | Estado de daño | No para préstamo | Biblioteca de origen | Biblioteca actual | Ubicación en estantería | Fecha de adquisición | Fuente de adquisición | Total de préstamos | Signatura topográfica completa | Código de barras | Visto por última vez | Precio de reemplazo | Tipo de ítem Koha |
|---|---|---|---|---|---|---|---|---|---|---|---|---|---|---|
| Biblioteca del Ateneo de Madrid | Biblioteca del Ateneo de Madrid | Depósito 2 | 17/01/2008 | L-4913 | 1093290 | 23/02/2023 | 23/02/2023 | Libro impreso |
